Flags of Dependent Territories - Statistics

General Stats
  • This quiz has been taken 152 times
    74 since last reset
  • The average score is 32 of 42
Answer Stats
Picture Hint Answer % Correct
USA Puerto Rico
98%
UK Bermuda
92%
Denmark Greenland
92%
UK Isle of Man
90%
UK Gibraltar
88%
USA American Samoa
86%
Netherlands Aruba
86%
Netherlands Curaçao
86%
USA Guam
86%
UK Jersey
86%
UK Anguilla
84%
UK British Virgin Islands
84%
Australia Christmas Island
84%
New Zealand Cook Islands
82%
Denmark Faroe Islands
82%
France New Caledonia
82%
USA US Virgin Islands
82%
UK Falkland Islands
80%
France French Polynesia
80%
UK Guernsey
80%
UK Montserrat
80%
New Zealand Niue
80%
Australia Norfolk Island
80%
Australia Cocos (Keeling) Islands
78%
Chile Easter Island
78%
UK Turks and Caicos Islands
78%
Netherlands Bonaire
76%
Netherlands Sint Maarten
76%
UK Cayman Islands
73%
New Zealand Tokelau
73%
UK British Indian Ocean Territory
71%
USA Northern Mariana Islands
71%
Netherlands Saba
69%
UK Saint Helena
65%
UK British Antarctic Territory
63%
UK Pitcairn Islands
63%
UK South Georgia and the South Sandwich Islands
57%
France Martinique
55%
UK Ascension Island
53%
UK Tristan da Cunha
53%
France French Southern and Antarctic Lands
47%
Netherlands Sint Eustatius
45%
No matching quizzes found
Score Distribution
Percent of People with Each Score
Percentile by Number Answered
Your Score History
You have not taken this quiz since the last reset